000 00794nam a2200181 a 4500
005 20220901063800.0
008 991125s1965 cu 000 0 spa u
035 _aUPN01000004757
049 _aCG
050 4 _aLB1644 C9
_bA8.3
245 0 0 _aAspectos de la economía política cubana en la época actual :
_blecturas.
260 _aLa Habana :
_bMinisterio de Educación,
_c1965.
300 _a127 p. :
_bil.
500 _a"Libro de lecturas para uso en la asignatura: Introducción al marxismo-leninismo, en los institutos preuniversitarios. Colectivo de ciencias sociales del Viceministerio de Enseñanza Secundaria del Ministerio de Educación, La Habana"
650 4 _aPOLITICA ECONOMICA -
_zCUBA
650 7 _aCiencias sociales
_xEstudio y enseñanza (Secundaria)
_2
_98320
905 _aLibro
999 _c4757
_d4757